1154 1517 1938 1768 1162 1477 1081 1538 1148 1399 1348 1192 1408 1424 1339 1105 1430 1795 1332 1144 1947 1153 1707 1117 1087 1503 1192 1987 1888 1684 1403 1720 1411 1199 1076 1237 1967 1051 1082 1529 1687 1606 1728 1478 1002 1842 1952 1237 1076 1105 1782 1176 1734 1422 1397 1986 1983 1963 1183 1325 1603 1591 1729 1918 1266 1958 1366 1796 1361 1915 1169 1842 1492 1863 1244 1861 1355 1402 1280 1889 1343 1594 1979 1808 1608 1097 1623 1931 1742 1790 1982 1834 1101 1421 1555 1928 1154 1607 1911 BCNSPRNW ULIB Ver.6.0+V

เปลี่ยนเป็นภาษาไทย

Change to English
 แสดงรายละเอียดบรรณานุกรม
  กลับหน้าหลัก

Brief Record : Get Marc (ISO 2709) : E-mail record : QR code < ปิดหน้าต่าง
LEADER : 00000nam 2200000uu 4500
001    13399125013
003     ULIB
008    160529s2557||||th 000 0 tha d
020    ^a9781887521369
060 04 ^aWA110^bถ331ก
100 0  ^aถาวร มาต้น
245 10 ^aการป้องกันควบคุมโรคไม่ติดต่อเรื้อรังและรายงานวิจัยที่เกี่ยวข้อง =^bPrevention and Control of Chronic Non-communicable Diseases & Related Research /^cถาวร มาต้น
246 31 ^aPrevention and Control of Chronic Non-communicable Diseases & Related Research
250    ^aพิมพ์ครั้งที่ 1
260    ^aสุโขทัย :^bคณะสาธารณสุขศาสตร์ มหาวิทยาลัยรามคำแหง,^c2557
300    ^a159 หน้า :^bภาพประกอบ ;^c26 ซม.
650  7 ^aโรค^xการป้องกันและควบคุม
650  7 ^aโรคไม่ติดต่อ
650  7 ^aโรคเรื้อรัง
650  7 ^aความดันเลือดสูง^zไทย
650  7 ^aเบาหวาน ^zไทย
650  7 ^aหลอดเลือดสมอง^xโรค^zไทย
650  7 ^aโรคไม่ติดต่อ^xวิจัย
710 2  ^aมหาวิทยาลัยรามคำแหง. ^bคณะสาธารณสุขศาสตร์
945    ^p200^l0^i23747
999    ^aทศพร เกษรทอง
รายการนี้ยังไม่มีแท็ก
คุณยังไม่ได้ล็อกอิน คุณสามารถมีกิจกรรมร่วมกับเว็บไซต์ได้ แต่ต้องล็อกอินก่อน ::
  ล็อกอิน

รายการสื่อสารสนเทศ

ลำดับที่ ประเภท เลขเรียก/บาร์โค้ด สถานที่ สถานะ
1. วิทยาศาสตร์การแพทย์ และสุขภาพ
วิทยาศาสตร์การแพทย์ และสุขภาพ
สถานะ=หนังสือเก่า
WA110 ถ331ก ฉ.1 
  Barcode: 23747
ห้องสมุดวิทยาเขตนครสวรรค์
►ส่วนจัดเก็บหนังสือเก่า นว.
บนชั้น
  ขอยืม

รายการใกล้เคียง
    ผู้แต่ง [ถาวร มาต้น]

    หัวเรื่อง [โรคไม่ติดต่อ]
    หัวเรื่อง [โรคเรื้อรัง]

BibComment


ยังไม่เคยถูกคอมเมนท์

คอมเมนท์ทรัพยากรรายการนี้
  คอมเมนท์: การป้องกันควบคุม..


 Copyright 2026. Bcnsprnw @Library